000
00267cam a2200109ua 4500
082
_a
621.3
_b
KUZ/FU
100
_a
Kuznetsov, M .
_9
1763
245
_a
Fundamentals of Electrical Engineering /
260
_a
Moscow :
_b
Peace Publishers.
300
_a
460 ; .
942
_c
BK
999
_c
4427
_d
4427